Hacer Actuar : Stanislavski contra Strasberg

Este libro es una exposición de las bases teóricas y prácticas de algunas de esas técnicas que vienen haciendo factible la existencia de actores y actrices. Una reflexión sobre sus fundamentos y sobre su sentido. Las relaciones que ideología y técnica expresan y como una determinada técnica acaba al...

Full description

Bibliographic Details
Main Author: Eines, Jorge
Format: Libro
Language:Spanish
Published: Barcelona : Gedisa, 2017.
Edition:6ª ed.
Subjects:
Online Access:

MARC

LEADER 00000nam a22000007a 4500
003 UAHC
005 20250508064350.0
008 180504s2017 sp ||||| |||| 00| 0 spa d
952 |0 0  |1 0  |2 ddc  |4 0  |6 792_028000000000000_EIN  |7 0  |8 BAS  |9 89934  |a BS  |b BS  |c General  |d 2018-05-04  |e Compra  |g 16541.00  |l 5  |m 4  |o 792.028 EIN  |p 1461123  |r 2025-11-26 00:00:00  |s 2023-04-26  |t c.1  |v 16541.00  |w 2018-05-04  |x OC:2104 / Factura:20483  |y BK  |A 93 
952 |0 0  |1 0  |2 ddc  |4 0  |6 792_028000000000000_EIN  |7 0  |8 BAS  |9 89935  |a BS  |b BS  |c General  |d 2018-05-04  |e Compra  |g 16541.00  |l 3  |m 2  |o 792.028 EIN  |p 1461124  |r 2025-11-26 00:00:00  |s 2019-07-01  |t c.2  |v 16541.00  |w 2018-05-04  |x OC:2104 / Factura:20483  |y BK  |A 93 
999 |c 50427  |d 50427 
020 |a 9788497841023 
035 |a CENTRAL 
040 |a UAHC_CL  |c UAHC_CL  |d UAHC_CL 
082 |2 20  |a 792.028  |b E35 
100 |9 3312  |a Eines, Jorge 
245 |a Hacer Actuar :  |b Stanislavski contra Strasberg  |c Jorge Eines 
250 |a 6ª ed. 
260 |a Barcelona :   |b Gedisa,  |c 2017. 
300 |a 175 p. 
504 |a Incluye bibliografías. 
520 |a Este libro es una exposición de las bases teóricas y prácticas de algunas de esas técnicas que vienen haciendo factible la existencia de actores y actrices. Una reflexión sobre sus fundamentos y sobre su sentido. Las relaciones que ideología y técnica expresan y como una determinada técnica acaba al servicio de una ideología específica. Alguien podría suponer que son disquisiciones alrededor de la filosofía de la técnica, yo pretendo que sean lugares de articulación de la técnica con el individuo, en torno a los cuales se realiza un análisis y una reflexión específicas. Esta distinción y separación metodológica, si bien tiene fundamento en la práctica, no puede tomarse como una realidad ontológica. La interpretación es un todo, el actor es un todo, el personaje es un todo. El arte es un todo. 
650 0 |a Teatro  |9 4 
650 0 |9 3132  |a Filosofía del teatro 
650 0 |a Actores  |x Formación profesional  |9 3313 
942 |2 ddc  |c BK